Mỹ cũng khó khăn với toàn vầu hóa /

में बचाया:
ग्रंथसूची विवरण
मुख्य लेखक: Nguyễn Tâm Chiến.
स्वरूप: लेख
भाषा:Vietnamese
विषय:
टैग : टैग जोड़ें
कोई टैग नहीं, इस रिकॉर्ड को टैग करने वाले पहले व्यक्ति बनें!
Thư viện lưu trữ: Thư viện Trường Đại học Đà Lạt
LEADER 00763nam a2200265 4500
001 DLU120131214
005 ##20120214
040 # # |a DLU  |b vie 
041 # # |a vie 
044 # # |a vn 
100 # # |a Nguyễn Tâm Chiến. 
245 # # |a Mỹ cũng khó khăn với toàn vầu hóa /  |c Nguyễn Tâm Chiến. 
653 # # |a Cạnh tranh 
653 # # |a Khủng hoảng kinh tế 
653 # # |a Suy thoái kinh tế 
773 # # |t Nghiên cứu Quốc tế  |g Số 2(77), 2009, tr. 19-25 
920 # # |a Phòng Tạp chí -- Trung tâm Thông tin - Thư viện Trường Đại học Đà Lạt 
994 # # |a DLU 
900 # # |a True 
911 # # |a Nguyễn Thị Linh Chi 
925 # # |a G 
926 # # |a A 
927 # # |a BB 
980 # # |a Thư viện Trường Đại học Đà Lạt